| 000 | 00686nam a2200217 a 4500 | ||
|---|---|---|---|
| 005 | 20220810063429.0 | ||
| 008 | 040422s1997 mx r 000 0 spa d | ||
| 020 | _a8425419530 | ||
| 035 | _aUPN01000133048 | ||
| 049 | _aCG | ||
| 050 | 4 |
_aRC488.5 _bN4.4 |
|
| 100 | 1 | _aNeuburger, Robert | |
| 245 | 1 | 3 |
_aLa familia dolorosa : _bmito y terapias familiares / _cRobert Neuburger ; tr. Norma H. Mollot. |
| 260 |
_aBarcelona, Esp. : _bHerder, _c1997. |
||
| 300 | _a208 p. | ||
| 440 | 0 | _aInteracciones : epistemología y clínica sistémica | |
| 534 |
_pTraducción de: _tLe mythe familial |
||
| 650 | 4 |
_aPsicoterapia familiar _944 |
|
| 650 | 4 |
_aFAMILIA - _xSALUD MENTAL |
|
| 905 | _aLibro | ||
| 999 |
_c105201 _d105201 |
||